Surgery at the district hospital : (Record no. 38187)
[ view plain ]
| 000 -LEADER | |
|---|---|
| fixed length control field | 00463cam5a220016900 4500 |
| 001 - CONTROL NUMBER | |
| control field | tmp15936375 |
| 003 - CONTROL NUMBER IDENTIFIER | |
| control field | UPRA |
| 005 - DATE AND TIME OF LATEST TRANSACTION | |
| control field | 20190813160932.0 |
| 008 - FIXED-LENGTH DATA ELEMENTS--GENERAL INFORMATION | |
| fixed length control field | 951114s1991 xx eng u |
| 035 ## - SYSTEM CONTROL NUMBER | |
| System control number | (Sirsi) r50287 |
| 035 ## - SYSTEM CONTROL NUMBER | |
| System control number | (UPRA)tmp15936375 |
| 040 ## - CATALOGING SOURCE | |
| Transcribing agency | UPRA |
| 245 00 - TITLE STATEMENT | |
| Title | Surgery at the district hospital : |
| Remainder of title | obstetrics, gynaecology, ortheopaedics and traumatology. |
| 260 ## - PUBLICATION, DISTRIBUTION, ETC. | |
| Date of publication, distribution, etc. | 1991. |
| 949 ## - LOCAL PROCESSING INFORMATION (OCLC) | |
| a | RD32 |
| w | LC |
| m | MEDICAL |
| t | BOOK |
| l | ON-SHELF |
| Withdrawn status | Lost status | Source of classification or shelving scheme | Damaged status | Not for loan | Home library | Current library | Shelving location | Total Checkouts | Full call number | Barcode | Date last seen | Copy number | Price effective from | Koha item type |
|---|---|---|---|---|---|---|---|---|---|---|---|---|---|---|
| Library of Congress Classification | Medical Library | Medical Library | On Shelf | RD32 | 21068-1001 | 08/13/2019 | 1 | 08/13/2019 | Book |